| 000 | 00848nam a2200229Ia 4500 | ||
|---|---|---|---|
| 001 | 16957 | ||
| 003 | GE_BSU | ||
| 008 | 181216s||||||||xx |||||||||||||| ||und|| | ||
| 040 | _cGE_BSU | ||
| 080 | _a821.353.1-92 + 821.353.1-94 + 908(5) | ||
| 100 | _aაბაშიძე, გრიგოლ (1914-1994) | ||
| 245 | _aდრო და მანძილი | ||
| 245 | _bწერილები, მოგზაურობის შთაბეჭდილებანი | ||
| 245 | _cრედ.ლ.გოგოხია | ||
| 260 | _aთბილისი | ||
| 260 | _bნაკადული | ||
| 260 | _c1971 | ||
| 300 | _a303გვ. ; 17სმ | ||
| 653 | _aდრო და მანძილი | ||
| 653 | _aწერილები, მოგზაურობის შთაბეჭდილებანი | ||
| 942 | _cBK | ||
| 999 |
_c50019 _d50019 |
||